Statystyki dla Największe miasta według strefy czasowej

Kliknij tutaj aby rozwiązać quiz!

Ogólne statystyki

  • Ten quiz został rozwiązany 2 925 razy
  • Średni wynik to 11 z 31

Statystyki odpowiedzi

CzasLudnośćAglomeracja% Poprawnych
GMT14,7 mlnLondyn
89%
GMT +3:0017,4 mlnMoskwa
89%
GMT -5:0023,0 mlnNowy Jork
86%
GMT +9:0040,7 mlnTokio
84%
GMT -8:0017,5 mlnLos Angeles
71%
GMT +10:005,45 mlnSydney
64%
GMT +2:0021,9 mlnKair
58%
GMT -6:0024,7 mlnMeksyk
55%
GMT +5:3032,4 mlnDelhi
53%
GMT -3:0022,7 mlnSao Paulo
48%
GMT +7:0028,6 mlnDżakarta
42%
GMT +3:3015,8 mlnTeheran
39%
GMT +8:0065,1 mlnKanton
36%
GMT +1:0020,7 mlnLagos
36%
GMT +6:0020,9 mlnDhaka
25%
GMT -10:00953 tys.Honolulu
25%
GMT +12:001,47 mlnAuckland
24%
GMT -4:008,00 mlnSantiago
24%
GMT +4:006,05 mlnDubaj
23%
GMT +5:0018,6 mlnKaraczi
21%
GMT +4:304,63 mlnKabul
17%
GMT -7:004,73 mlnPhoenix
13%
GMT -9:00398 tys.Anchorage
12%
GMT +5:453,03 mlnKatmandu
10%
GMT +9:301,38 mlnAdelaide
8%
GMT +13:0041,6 tys.Apia
8%
GMT -1:00159 tys.Praia
6%
GMT +6:305,85 mlnRangun
6%
GMT +11:00199 tys.Jużno-Sachalińsk
4%
GMT -11:0011,5 tys.Pago Pago
4%
GMT -3:30206 tys.St. John's
4%

Rozkład punktacji

Percentyl według liczby udzielonych odpowiedzi

Procent ludzi z każdym wynikiem

Twoja historia wyników

Nie rozwiązałeś tego quizu